Córdoba y sus sierras /
Guardado en:
| Autor Principal: | |
|---|---|
| Formato: | Libro |
| Publicado: |
Buenos Aires :
Kapelusz,
1965
|
| Edición: | 2a. ed. |
| Series: | Grandes Obras de la Literatura Universal
|
| Materias: | |
| Etiquetas: |
Agregar Etiqueta
Sin Etiquetas, Sea el primero en etiquetar este registro!
|
| LEADER | 00652nam a22002175a 4500 | ||
|---|---|---|---|
| 001 | CEM.cems002415 | ||
| 005 | 20110506202950.0 | ||
| 008 | 130507s1965##################000#0#####d | ||
| 003 | CEMS | ||
| 082 | 0 | 4 | |a A861.4 |
| 100 | 1 | |a Fernández Moreno, Baldomero | |
| 245 | 1 | 0 | |a Córdoba y sus sierras / |c Baldomero Fernández Moreno |
| 250 | |a 2a. ed. | ||
| 260 | |a Buenos Aires : |b Kapelusz, |c 1965 | ||
| 300 | |a 58 p. | ||
| 490 | 0 | |a Grandes Obras de la Literatura Universal | |
| 653 | |a Literatura | ||
| 653 | |a Literatura argentina | ||
| 653 | |a Poesía argentina-siglo 20 | ||
| 653 | |a Poesías | ||
| 859 | |a CEMS |b BIB. CEMS - 11 de abril |h A861.4 |i F391-2a2 |p 3343.74 |t Ej.1 | ||
